000 00433 a2200169 4500
001 190673
020 _a85-325-2003-0
040 _cMagnum
100 _aTroisi, Licia
240 1 0 _aCrônicas do mundo inverso: a garota da terra do vento
_lpor
245 1 0 _aCrônicas do mundo inverso: a garota da terra do vento
300 _a318
362 0 _a2006
440 1 _aRocco
697 _aLITERATURA GERAL ESTRANGEIRA
942 _cBK
999 _c190673
_d190673